000 00936nam a2200313 a 4500
001 000044534
003 DO-SdBPM
005 20260209111528.0
007 ta
008 140711s1996 mx 000 0 spa d
040 _aDO-SdBPM
_bspa
_cBPMSU
_erda
_drda
082 4 _a883.01
_bH766i 1996
_222
100 1 _aHomero
_dca.725 a.C.
_eautor
_4aut.
245 1 3 _aLa Ilíada /
_cHomero ; prólogo Alfonso Reyes
264 _aMéxico :
_bEditorial Porrúa,
_c1996
300 _a267 páginas ;
_c21 cm.
336 _atexto
_btxt
_2rdacontent
337 _asin mediación
_bn
_2rdamedia
338 _avolumen
_bnc
_2rdacarrier
490 0 _aClásicos de colores
590 _aInventariado, 2026/VM
650 7 _aPoesía épica griega
650 7 _aLiteratura griega
700 1 _a Reyes, Alfonso
_eprólogo
830 0 _aClásicos de colores
910 _aVMateo V. Control de calidad BPMSU
942 _2ddc
_cBK
945 _a
999 _c15673
_d15673